Contemporaneity

Detalles Bibliográficos
Autor Corporativo: University of Pittsburgh
Formato: Electrónico Seriadas
Lenguaje:inglés
Publicado: Pittsburgh, PA : University of Pittsburgh, [2011]-
Materias:
Acceso en línea:Full text available from Research Library: 01/01/2014 to present

MARC

LEADER 00000nas a2200000 i 4500
001 ssj0000548203
003 WaSeSS
005 20200512172242.0
006 m d
007 cr n
008 100301c20119999pauar s | a0eng
010 |a  2010202909 
022 |a 2153-5914 
035 |a (WaSeSS)ssj0000548203 
037 |b University of Pittsburgh, Henry Clay Frick Department of History of Art and Architecture, 104 Frick Fine Arts Bldg., Pittsburgh, PA 15260 
040 |a DLC  |b eng  |c DLC  |d DLC  |d PX1  |d OCLCQ  |d DLC  |d OCLCA  |d CUS  |d OCLCF  |d OCLCO  |d OCLCQ  |d AU@  |d WaSeSS 
042 |a pcc  |a nsdp 
050 0 0 |a PN1995 
082 0 0 |a 791  |2 23 
222 0 |a Contemporaneity 
245 0 0 |a Contemporaneity  |h [electronic resource]. 
260 |a Pittsburgh, PA :  |b University of Pittsburgh,  |c [2011]- 
310 |a Annual 
362 1 |a Began with: Vol. 1 (2011). 
500 |a Historical presence in visual culture. 
506 |a License restrictions may limit access. 
588 |a Description based on: Vol. 1 (2011); title from banner (contemporaneity.pitt.edu website, viewed June 24, 2013). 
588 |a Latest issue consulted: Vol. 2 (2012) (viewed June 24, 2013). 
650 0 |a Film criticism  |v Periodicals. 
650 0 |a Arts  |v Periodicals. 
650 7 |a Arts.  |2 fast  |0 (OCoLC)fst00817721 
650 7 |a Film criticism.  |2 fast  |0 (OCoLC)fst00924259 
655 0 |a Electronic journals. 
710 2 |a University of Pittsburgh. 
850 |a DLC 
856 4 0 |z Full text available from Research Library: 01/01/2014 to present  |u https://search.proquest.com/publication/2029665